<?xml version="1.0" encoding="UTF-8"?><OAI-PMH xmlns="http://www.openarchives.org/OAI/2.0/" xmlns:xsi="http://www.w3.org/2001/XMLSchema-instance"     xsi:schemaLocation="http://www.openarchives.org/OAI/2.0/ http://www.openarchives.org/OAI/2.0/OAI-PMH.xsd"><responseDate>2026-05-15T22:33:46Z</responseDate><request verb="GetRecord" identifier="oai:regmurcia.com:fintegr.3814" metadataPrefix="marc21">http://oai.regmurcia.com/oai2/oai2.php</request><GetRecord><record><header><identifier>oai:regmurcia.com:fintegr.3814</identifier><datestamp>2026-05-16</datestamp><setSpec>documentos</setSpec></header><metadata><record  xmlns="http://www.loc.gov/MARC21/slim" xmlns:xsi="http://www.w3.org/2001/XMLSchema-instance" xsi:schemaLocation="http://www.loc.gov/MARC21/slim http://www.loc.gov/standards/marcxml/schema/MARC21slim.xsd" type="Bibliographic"><leader>00000nam a2200000   4500</leader><controlfield tag="001" >005072776</controlfield><controlfield tag="003" >3814</controlfield><controlfield tag="004" >A00000000</controlfield><datafield tag="245" ind1=" " ind2=" "><subfield code="a">Expediente del proceso del gobernador de la villa de Fortuna contra los alcaldes ordinarios de la misma.</subfield></datafield><datafield tag="300" ind1=" " ind2=" "><subfield code="a">28 Fols.</subfield></datafield><datafield tag="351" ind1=" " ind2=" "><subfield code="a">Unidad Documental Compuesta</subfield><subfield code="c">Archivo de Fortuna. Array</subfield><subfield code="a">Unidad Documental Compuesta</subfield><subfield code="c">Archivo de Fortuna. Array</subfield></datafield><datafield tag="520" ind1=" " ind2=" "><subfield code="a">Contiene:
-Denuncia de oficio de Esteban García de Navacerrada, Gobernador de la villa de Fortuna, contra Miguel Lozano Campoy y Alonso Benavente, alcaldes ordinarios de la misma, por negarse a entregar al alguacil de la villa al regidor Miguel Miralles. (Fortuna, 1640-04-28) Fols. 1r/v)
-Declaración de testigos. (Fols. 1v/5v)
-Auto del gobernador uniendo al proceso otros autos. 
-Denuncia de oficio del gobernador de la villa contra los oficiales del ayuntamiento por motín (Fortuna, 1640-03-25) Fols. 7r/8v</subfield></datafield><datafield tag="583" ind1=" " ind2=" "><subfield code="u">http://www.regmurcia.com/servlet/s.Sl?METHOD=VERDOCUMENTO&amp;sit=serv,Carmesi&amp;n=/21/10034/indice.djvu</subfield></datafield><datafield tag="592" ind1=" " ind2=" "><subfield code="b">1640-04-28</subfield></datafield><datafield tag="592" ind1=" " ind2=" "><subfield code="c">1640-05-25</subfield></datafield><datafield tag="592" ind1=" " ind2=" "><subfield code="d">1640-05-25 00:00:00</subfield></datafield><datafield tag="651" ind1=" " ind2=" "><subfield code="a">Fortuna</subfield></datafield><datafield tag="786" ind1=" " ind2=" "><subfield code="o">http://www.regmurcia.com/servlet/s.Sl?METHOD=VERDOCUMENTO&amp;sit=serv,Carmesi&amp;n=/21/10034/indice.djvu</subfield></datafield><datafield tag="856" ind1=" " ind2=" "><subfield code="u">http://www.regmurcia.com/servlet/s.Sl?METHOD=DETALLE&amp;sit=c,373,m,139,serv,Carmesi&amp;id=3814</subfield></datafield></record></metadata></record></GetRecord></OAI-PMH>
